Sanat "Ihmisen muotoinen" - Jannika B - Statistics

Yleistilastot
  • Tätä visaa on pelattu 21 kertaa
  • Keskiarvotulos 133 / 181
Vastaustilastot
Vastaus % Oikein
ei
100%
En
100%
et
100%
etkä
100%
ihmisen
100%
joka
100%
kiivetä
100%
kuin
100%
kun
100%
laskien
100%
lyöntejä
100%
mistään
100%
möykky
100%
muotoinen
100%
niitä
100%
nousee
100%
nurkassa
100%
oikeeta
100%
on
100%
otetta
100%
päiviä
100%
100%
saa
100%
sängystä
100%
seiniä
100%
sen
100%
sohvan
100%
sun
100%
sydämen
100%
tää
100%
Tää
100%
taas
100%
tapaa
100%
värisevä
100%
voi
100%
vuori
100%
eilisen
67%
että
67%
helvetin
67%
hengität
67%
henkilökohtaisen
67%
huoneessa
67%
itsekään
67%
joita
67%
joskus
67%
just
67%
kanssa
67%
ketkään
67%
löydät
67%
miten
67%
muistan
67%
mut
67%
muut
67%
nää
67%
näyttää
67%
niin
67%
Nyt
67%
nyt
67%
oikeuden
67%
olin
67%
oo
67%
pelastusrenkaisiin
67%
pimeessä
67%
riittää
67%
selittää
67%
selvii
67%
suunnasta
67%
tahtoisin
67%
takaa
67%
tartut
67%
tästäkin
67%
toisille
67%
tunne
67%
tuntisin
67%
tuut
67%
vaikka
67%
väittää
67%
varjosi
67%
vastauksii
67%
vielä
67%
voisit
67%
voit
67%
yksin
67%
ymmärrä
67%
ihmeisiin
33%
ihminen
33%
ihmisiin
33%
jokainen
33%
joksi
33%
kaikkii
33%
korjaantuu
33%
olla
33%
rikki
33%
silti
33%
sul
33%
synnyit
33%
tanssimaan
33%
tarvitse
33%
toimintahäiriö
33%
unelmiin
33%
uskoa
33%
vähän
33%
beibi
0%
uskois
0%
yang
0%
yin
0%
Ehtoja vastaavia visoja ei löytynyt
Tulosjakauma
Jokaisen tuloksen saaneiden osuus
Persentiili vastausten määrän mukaan
Tuloshistoriasi
Et ole pelannut tätä visaa